Подробности
| 000 -МАРКЕР |
| контрольное поле |
01666nam2a2200253 4500 |
| 001 - ИДЕНТИФИКАТОР ЗАПИСИ |
| контрольное поле |
RU\NLR\BIBL_A\021980129 |
| 005 - ИДЕНТИФИКАТОР ВЕРСИИ |
| контрольное поле |
20250625073009.0 |
| 035 ## - ДРУГИЕ СИСТЕМНЫЕ НОМЕРА |
| Идентификатор записи |
(NLR Aleph) 021980129 |
| 100 ## - ДАННЫЕ ОБЩЕЙ ОБРАБОТКИ |
| Данные общей обработки |
20081111f19141918|||y0rusy50 ca |
| 101 0# - ЯЗЫК РЕСУРСА |
| Язык текста, звукозаписи и т.д. |
русский |
| 102 ## - СТРАНА ПУБЛИКАЦИИ ИЛИ ПРОИЗВОДСТВА |
| Страна публикации |
Российская Федерация |
| 105 ## - ПОЛЕ КОДИРОВАННЫХ ДАННЫХ: ТЕКСТОВЫЕ МАТЕРИАЛЫ, МОНОГРАФИЧЕСКИЕ |
| Кодированные данные о монографическом текстовом документе |
y z 000ay |
| 200 1# - ЗАГЛАВИЕ И СВЕДЕНИЯ ОБ ОТВЕТСТВЕННОСТИ |
| Основное заглавие |
Подросток |
| Сведения, относящиеся к заглавию |
роман в трёх частях |
| Обозначение и номер части |
ч. 1 - 2 (начало) |
| 210 ## - ПУБЛИКАЦИЯ, РАСПРОСТРАНЕНИЕ И ДР. |
| Дата издания, распространения и т.д. |
[между 1914 и 1918] |
| Место издания, распространения и т.д. |
Б. м. |
| 215 ## - ФИЗИЧЕСКАЯ ХАРАКТЕРИСТИКА |
| Специфическое обозначение материала и объем |
[4], 413 с. |
| 316 ## - ПРИМЕЧАНИЯ ОБ ОСОБЕННОСТЯХ ЭКЗЕМПЛЯРА |
| Текст примечания |
Экз. РНБ приплетен к: Полное собрание сочинений Ф. М. Достоевского, т. 13. Бесы, ч. 2 (оконч.) - 3. Петроград, [между 1914 и 1918] |
| Организация и экземпляр, к которому относится поле |
NLR |
| 461 #0 - УРОВЕНЬ НАБОРА |
| Встроенное поле |
001v19\rc\2062914 |
| -- |
2001#$aПолное собрание сочинений Ф. М. Достоевского$eс многочисленными приложениями$vТ. 14 |
| -- |
700#1$aДостоевский$bФ. М.$f1821-1881$gФедор Михайлович$3RU\NLR\AUTH\77838 |
| Системный номер (АБИС) связанной записи |
4786981 |
| Автор |
Достоевский, Ф. М. (1821-1881) |
| Место публикации |
Петроград |
| Дата публикации |
[1914-1918] |
| Имя издателя, распространителя и т.д. |
Просвещение |
| Сведения, относящиеся к заглавию |
с многочисленными приложениями |
| Заглавие |
Полное собрание сочинений Ф. М. Достоевского |
| Номер тома |
Т. 14 |
| 482 #0 - ПРИПЛЕТЕНО К |
| Встроенное поле |
001RU\NLR\BIBL_A\021980122 |
| Системный номер (АБИС) связанной записи |
12395819 |
| Место публикации |
Б. м. |
| Дата публикации |
[между 1914 и 1918] |
| Номер части |
ч. 2 (оконч.) - 3 |
| Сведения, относящиеся к заглавию |
роман в трёх частях |
| Физическая характеристика |
[4], 464, [1] с. |
| Заглавие |
Полное собрание сочинений Ф. М. Достоевского. - Бесы |
| 852 ## - МЕСТОНАХОЖДЕНИЕ И ШИФР ХРАНЕНИЯ |
| Идентификатор организации |
NLR |
| Шифр хранения (Call Number) |
64-3/223(14) |
| 942 ## - ДОПОЛНИТЕЛЬНЫЕ ЭЛЕМЕНТЫ ЗАПИСИ (АБИС) |
| Тип экземпляра АБИС |
Книга |
| 980 ## - КОЛЛЕКЦИЯ |
| Название коллекции |
Национальная библиография |